IPF forecast survey (Record no. 80326)

MARC details
000 -LEADER
fixed length control field 00862cab a22002055a 4500
001 - CONTROL NUMBER
control field L143960
008 - FIXED-LENGTH DATA ELEMENTS--GENERAL INFORMATION
fixed length control field 980607e20080607xxkd f s 000 0 eng d
035 ## - SYSTEM CONTROL NUMBER
System control number (Sirsi) u143960
041 0# - LANGUAGE CODE
Language code of text/sound track or separate title eng
110 2# - MAIN ENTRY--CORPORATE NAME
Corporate name or jurisdiction name as entry element Investment Property Forum
9 (RLIN) 2112
245 00 - TITLE STATEMENT
Title IPF forecast survey
Remainder of title June
260 ## - PUBLICATION, DISTRIBUTION, ETC.
Date of publication, distribution, etc. 2007
490 #0 - SERIES STATEMENT
Series statement Estates Gazette
Volume/sequential designation (0822) 7 June 2008, 48-49(3)
520 ## - SUMMARY, ETC.
Summary, etc. IPF consensus forecast survey for March 2008 shows that the forecasted total return on property has fallen again sharply from -2.6% to -5.2%. Rental and capital forecasts have been scaled back for 2008 and 2009. The hoped for partial recovery for 2009 now looks very unlikely. Includes tables and charts.
590 ## - LOCAL NOTE (RLIN)
Local note KA
650 24 - SUBJECT ADDED ENTRY--TOPICAL TERM
Topical term or geographic name entry element IPF CONSENSUS FORECAST SURVEY
651 #4 - SUBJECT ADDED ENTRY--GEOGRAPHIC NAME
Geographic name United Kingdom
Chronological subdivision
690 ## - LOCAL SUBJECT ADDED ENTRY--TOPICAL TERM (OCLC, RLIN)
Topical term or geographic name as entry element PROPERTY-COMMERCIAL PROPERTY-COMMERCIAL PROPERTY MARKET
942 ## - ADDED ENTRY ELEMENTS (KOHA)
Suppress in OPAC 0
Holdings
Withdrawn status Lost status Source of classification or shelving scheme Damaged status Not for loan Home library Current library Shelving location Date acquired Total Checkouts Full call number Barcode Date last seen Copy number Price effective from Koha item type
    Dewey Decimal Classification     London London Journal article 10/06/2008   L143960 143960-1001 06/08/2019 1 06/08/2019 Journal article